Hóa học môi trường

保存先:
書誌詳細
第一著者: Đặng Kim Chi
フォーマット: 図書
言語:Vietnamese
出版事項: Khoa học Kỹ Thuật 2006
タグ: タグ追加
タグなし, このレコードへの初めてのタグを付けませんか!
Thư viện lưu trữ: Mạng thư viện Đại học Đà Nẵng
LEADER 00927nam a2200301 a 4500
001 000001738
003 04326
005 20171229145311.0
008 171229s2006 vie
040 |a LSK 
041 0 |a VIE 
082 0 |a 540.24628  |b ĐĂ-C 
100 1 |a Đặng Kim Chi 
245 0 0 |a Hóa học môi trường 
260 |b Khoa học Kỹ Thuật  |c 2006 
300 |a 260 pages  |c 27 
852 |a Phòng Đọc 
901 |a 2 
927 |a Sách chuyên khảo 
OWN |a LSK 
AVA |a UDN50  |b LSK  |d 540.24628 ĐĂ-C  |e available  |t Error 5001 Not defined in file expand_doc_bib_avail.  |f 2  |g 0  |h N  |i 0  |k 1 
999 |a From the UDN01 
AVA |a UDN50  |b LSK  |d 540.24628 ĐĂ-C  |e available  |t Error 5001 Not defined in file expand_doc_bib_avail.  |f 2  |g 0  |h N  |i 0  |k 1 
TYP |a Monograph 
TYP |a Printed language 
980 |a Mạng thư viện Đại học Đà Nẵng